|
|
|
|
| LEADER |
00000nam a22000005a 4500 |
| 001 |
12353 |
| 003 |
CL-ChBUA |
| 005 |
20120815103412.0 |
| 008 |
070301s1974 ag 000 0 spa |
| 040 |
|
|
|a CL-ChBUA
|c CL-ChBUA
|
| 082 |
0 |
0 |
|a 372.5
|
| 090 |
|
|
|c 12353
|d 12353
|
| 100 |
1 |
|
|a Tomei, Claudio.
|
| 245 |
1 |
0 |
|a Cerámica sin horno
|
| 260 |
|
|
|b Kapelusz.
|c 1974.
|
| 300 |
|
|
|a 46 p.: il.
|b 46 p.: il.
|c 20 cm.
|
| 504 |
|
|
|a Indice.
|
| 650 |
|
4 |
|a ARTES MANUALES.
|
| 942 |
|
|
|c LIB
|
| 952 |
|
|
|0 0
|1 0
|4 0
|7 0
|9 17597
|a UNACH
|b UNACH
|c 300
|d 2007-03-05
|i 12.302.
|l 0
|o 372.5 / T 655. c.1
|p 18596
|r 2025-07-30 11:00:08
|u 17597
|w 2012-08-08
|y LIB
|k 372.5 / T 655. c.1
|
| 952 |
|
|
|0 0
|1 0
|4 0
|7 0
|9 17598
|a UNACH
|b UNACH
|c 300
|d 2007-03-05
|i 15.295.
|l 1
|o 372.5 / T 655. c.2
|p 18597
|r 2025-07-30 11:00:11
|s 2016-05-11
|u 17598
|w 2012-08-08
|y LIB
|k 372.5 / T 655. c.2
|
| 999 |
|
|
|c 12353
|d 12353
|